000 01093nam2a2200241 4500
001 RU\NLR\BIBL_A\011795464
005 20250626132604.0
035 _a(NLR Aleph) 011795464
090 _a11844658
_c11844658
100 _a20180919d2018 |||y0rusy50 ca
101 0 _arus
102 _aRU
200 1 _aЖелезные игры, бумажные тигры
_fАлександр Широкорад
210 _d2018
_aБ. м.
461 0 _1001RU\NLR\INFOCOMM31\1000086237
_12001#$aОружие$fУчредители: Ред. журн. "Техника - молодежи" и ООО "Вост. горизонт"$v2018, № 9/10 (спецвып.)
_93047974
_cМ.
_d1994-
_fУчредители: Ред. журн. "Техника - молодежи" и ООО "Вост. горизонт"
_tОружие
_v2018, № 9/10 (спецвып.)
606 1 _aОружие
_xИстория
_yСССР
_92239222
_3RU\NLR\AUTH\661343717
686 1 _aЦ9г(2)
700 1 _aШирокорад
_bА.
_gАлександр
852 _aNLR
_jП11/3991
942 _cISSUE
980 _aNB
980 _aRUSPER